000 02214cam a22004574i 4500
003 PE-LiUPU
005 20250731172728.0
008 150617s1972 sp r 000 0 spa d
035 _a(Sirsi) a11372
040 _aPE-LiUPU
_bspa
_cPE-LiUPU
_erda
049 _aPRUA
082 0 4 _a221.07
_bCBAT
_221
100 1 _aLa Verdiere, Eugene A.,
_eautor.
245 1 0 _aIntroducción al Pentateuco /
_cPor Eugene A. La Verdiere.
264 1 _aSantander :
_bEditorial Sal Terrae,
_c1972.
300 _a86 páginas ;
_c17 centímetros.
336 _atext
_2rdacontent
337 _aunmediated
_2rdamedia
338 _avolume
_2rdacarrier
490 0 _a(Conoce la Biblia: Antiguo Testamento ;
_v1)
505 0 _aEl Pentateuco: Términos y títulos -- Análisis del contenido -- Estudio del Pentateuco: Observaciones generales -- Estudio científico del Pentateuco -- Los documentos del Pentateuco: El Yavista: Cuestiones introductorias -- forma y estilo literarios -- Marco cultural -- Tema y teología fundamentales -- El Elohísta -- Cuestiones iniciales -- Forma y estilo literarios -- Tema y teología fundamentales -- La síntesis J-E -- El Deuteronomista (D): Cuestiones iniciales -- Forma y estilo literarios -- Tema y teología fundamentales -- Historia posterior -- El Documento Sacerdotal: Cuestiones iniciales -- Forma y estilo literarios -- Tema y teología fundamentales -- Conclusión -- Temas para repaso y discusión -- Abreviaturas -- Cuadro comparativo.
526 _aSEG42
526 _aSEG41
526 _aSEG40
526 _aSEG39
526 _aP94
526 _aP87
526 _aP86
526 _aP85
526 _aP77
526 _aP76
526 _aP35
630 0 _aBiblia.
_pPentateuco
_vIntroducciones.
_91534
910 _ajck
942 _2ddc
_cBK
949 _a221.08 C 1
_wDEWEY
_c1
_i12774
_lCCODEBUL1
_mBUL
_p00.00
_r0
_sY
_tBOOK
_u19740830
_xTEOLOGIA
_0COMPRA
_o.STAFF. Colección General
949 _a221.08 C 1
_wDEWEY
_c2
_i13433
_lCCODEBUL1
_mBUL
_p00.00
_r0
_sY
_tBOOK
_u19740830
_xTEOLOGIA
_0COMPRA
_o.STAFF. Colección General
999 _c1516
_d1516
980 _81
_gALBERTO SANCHEZ Responsable de Automatización